Die 57 längsten Flüsse der Welt - Statistiken

Allgemein
  • Dieses Quiz wurde 140 mal gespielt
  • Das Durchschnittsergebnis liegt bei 17 aus 57
Antwortstatistiken
Länge Fließt durch...
(Länder)
Fluss % Korrekt
6 650 km DRK, 🇷🇼 🇧🇮 🇹🇿🇰🇪 🇺🇬 🇸🇸 🇸🇩 🇪🇷 🇪🇹 🇪🇬 Nil
98%
6 575 km 🇵🇪 🇨🇴 🇧🇷 Amazonas*
96%
2 857 km 🇩🇪 🇦🇹 🇸🇰 🇭🇺 🇺🇦 🇭🇷 🇷🇸 🇷🇴 🇧🇬 🇲🇩 Donau
90%
3 530 km 🇷🇺 Wolga
89%
3 778 km 🇺🇸 Mississippi
86%
4 375 km DRK, RK, 🇦🇴 Kongo
78%
2 620 km 🇳🇵 🇮🇳 🇧🇩 Ganges / Padma
76%
4 180 km 🇬🇳 🇲🇱 🇳🇪🇧🇯 🇳🇬 Niger
66%
4 400 km 🇷🇺 Lena
65%
4 500 km 🇨🇳 🇲🇲 🇹🇭 🇱🇦🇰🇭 🇻🇳 Mekong
62%
6 276 km Tibet, 🇨🇳 Jangtsekiang / Langer Fluss
61%
4 845 km Tibet, 🇨🇳 Hwangho / Gelber Fluss
59%
4 130 km 🇺🇸 Missouri / Big Muddy
56%
3 034 km 🇺🇸 🇲🇽 Rio Grande / Rio Bravo
53%
3 650 km 🇷🇺 Ob
52%
2 736 km 🇹🇷 🇸🇾 🇮🇶 Euphrat
50%
1 900 km 🇹🇷 🇸🇾 🇮🇶 Tigris
50%
2 575 km 🇿🇲 🇦🇴 🇳🇦 🇧🇼🇿🇼 🇲🇿 Sambesi
48%
2 333 km 🇺🇸 🇲🇽 Colorado
44%
2 824 km 🇨🇳 🇷🇺 Amur / Heilong Jiang
42%
3 180 km Tibet, 🇨🇳 🇮🇳 🇵🇰 Indus
40%
2 555 km Kanada, 🇺🇸 Yukon
37%
4 092 km 🇷🇺 Jenissei
33%
2 201 km 🇷🇺 🇧🇾 🇺🇦 Dnepr /Dnjepr
30%
2 015 km 🇻🇪 🇨🇴 Orinoco
30%
1 903 km Kanada Mackenzie River /Dehcho
28%
3 200 km 🇧🇷 🇵🇾 🇦🇷 Parana
28%
2 428 km 🇰🇿 🇷🇺 Ural
28%
3 070 km 🇨🇳 🇮🇳 🇧🇩 Brahmaputra
23%
2 375 km Australien Murray River
17%
2 844 km Australien Darling River
14%
4 250 km 🇨🇳 🇰🇿 🇷🇺 Irtysch
13%
2 253 km 🇧🇷 🇻🇪 🇨🇴 Rio Negro
13%
2 695 km 🇧🇷 🇧🇴 🇵🇾 🇦🇷 Rio Paraguay
12%
2 160 km 🇱🇸 🇿🇦 🇳🇦 Oranje
11%
3 199 km 🇧🇷 Sao Francisco
11%
2 212 km 🇰🇬 🇺🇿 🇹🇯 🇰🇿 Syrdarja
11%
2 170 km Tibet, 🇨🇳 🇲🇲 Irrawaddy / Irawady
9%
2 980 km Tibet, 🇨🇳 🇲🇲 🇹🇭 Saluen
8%
2 130 km 🇷🇺 Kolyma
6%
2 333 km 🇺🇸 Arkansas River
4%
1 953 km Kanada, 🇺🇸 Columbia River
3%
1 966 km 🇺🇸 Red River
3%
2 450 km 🇧🇷 Rio Tocantins
3%
1 980 km 🇧🇷 Rio Xingu
3%
2 990 km 🇷🇺 Untere Tunguska
3%
2 815 km 🇨🇴 🇧🇷 Japura
1%
2 153 km DRK, 🇦🇴 Kasai
1%
2 274 km 🇷🇺 Aldan
0%
2 450 km 🇰🇿 🇷🇺 Ischim
0%
3 283 km 🇵🇪 🇧🇷 Jurua
0%
2 290 km 🇷🇺 Olenjok
0%
3 210 km 🇵🇪 🇧🇷 Purus
0%
2 198 km 🇧🇷 Rio Araguaia
0%
2 490 km 🇵🇾 🇦🇷 🇧🇴 Rio Pilcomayo
0%
2 011 km 🇦🇷 Rio Salado
0%
2 650 km 🇷🇺 Wiljui
0%
Keine übereinstimmenden Quizze gefunden
Verteilung der Resultate
Anzahl Personen mit jedem Resultat
Perzentil nach korrekt beantworteten Fragen
Ihre Resultats-Entwicklung
Sie haben dieses Quiz noch nicht gespielt